Science and an African logic

Αποθηκεύτηκε σε:
Λεπτομέρειες βιβλιογραφικής εγγραφής
Κύριος συγγραφέας: Verran, Helen
Μορφή: Βιβλίο
Γλώσσα:English
Δημοσίευση: Chicago : University of Chicago Press, 2001
Θέματα:
Ετικέτες: Προσθήκη ετικέτας
Δεν υπάρχουν, Καταχωρήστε ετικέτα πρώτοι!

MARC

LEADER 00000nam a2200000 i 4500
001 1/43064
008 140225s2001 eng d
020 |a 0-226-85391-8 (pbk.) 
035 |l 10116860 
040 |a GR-MY-UA  |b gre  |e aacr 
041 0 |a eng 
082 0 |a 160.89  |2 (22) 
100 1 |a Verran, Helen. 
245 1 0 |a Science and an African logic /  |c Helen Verran 
260 |a Chicago :   |b University of Chicago Press,   |c 2001 
300 |a xiii, 277 σ.;  |b εικ.;  |c 24 εκ. 
504 |a Περιλαμβάνει βιβλιογραφικές αναφορές (σ. 265-273) και ευρετήριο 
650 0 0 |a Yoruba (African people)  |x Science. 
650 0 0 |a Yoruba (African people)  |x Mathematics. 
650 0 0 |a Philosophy, Yoruba. 
650 0 0 |a Ethnomathematics  |z Nigeria. 
852 |a INST  |b LESVOS  |e 20140225  |h 160.89 VER  |p 005100053476  |q 005100053476  |t BK  |y 0 
901 |a BIBL1-2014-1 
909 |a Λ  |b 177640 
922 |a 1ΕΛΗ  |b 201210  |c ΤΜΗΜΑ ΚΟΙΝΩΝΙΚΗΣ ΑΝΘΡΩΠΟΛΟΓΙΑΣ ΚΑΙ ΙΣΤΟΡΙΑΣ  |d ΙΩΑΝΝΙΔΟΥ 
970 |a ΤΖΑΦΕΡΗ  |b ΕΥΑΓΓΕΛΙΑ  |z 2014/02/26